Quản lý văn hóa Việt Nam
Nội dung sách giới thiệu những quan điểm chung về quản lý văn hóa trong bối cảnh công cuộc đổi mới đang đựoc đẩy mạnh toàn diện ở nwocs ta và hội nhập quốc tế.
Tallennettuna:
| Päätekijä: | |
|---|---|
| Aineistotyyppi: | Kirja |
| Kieli: | Undetermined |
| Julkaistu: |
Hà Nội
Chính trị quốc gia
2012
|
| Aiheet: | |
| Tagit: |
Lisää tagi
Ei tageja, Lisää ensimmäinen tagi!
|
| Thư viện lưu trữ: | Trung tâm Học liệu Trường Đại học Cần Thơ |
|---|
| LEADER | 00866nam a2200205Ia 4500 | ||
|---|---|---|---|
| 001 | CTU_182882 | ||
| 008 | 210402s9999 xx 000 0 und d | ||
| 020 | |c 111000 | ||
| 082 | |a 306.09597 | ||
| 082 | |b Gi106 | ||
| 100 | |a Phan, Hồng Giang | ||
| 245 | 0 | |a Quản lý văn hóa Việt Nam | |
| 245 | 0 | |c Phan Hồng Giang, Bùi Hoài Sơn (đồng chủ biên) | |
| 260 | |a Hà Nội | ||
| 260 | |b Chính trị quốc gia | ||
| 260 | |c 2012 | ||
| 520 | |a Nội dung sách giới thiệu những quan điểm chung về quản lý văn hóa trong bối cảnh công cuộc đổi mới đang đựoc đẩy mạnh toàn diện ở nwocs ta và hội nhập quốc tế. | ||
| 650 | |a Culture,Văn hóa | ||
| 650 | |z Vietnam,Việt Nam | ||
| 980 | |a Trung tâm Học liệu Trường Đại học Cần Thơ | ||